UBT Library

Medical law & ethics / (Record no. 39960)

000 -LEADER
fixed length control field 00718cam a2200253 a 4500
001 - CONTROL NUMBER
control field 1577132
005 - DATE AND TIME OF LATEST TRANSACTION
control field 20180109083612.0
008 - FIXED-LENGTH DATA ELEMENTS--GENERAL INFORMATION
fixed length control field 930325s1994 nju 001 0 eng c
010 ## - LIBRARY OF CONGRESS CONTROL NUMBER
LC control number 93001344
020 ## - INTERNATIONAL STANDARD BOOK NUMBER
International Standard Book Number 0130645850
040 ## - CATALOGING SOURCE
Original cataloging agency DNLM/DLC
Transcribing agency DLC
Modifying agency DLC
041 ## - LANGUAGE CODE
Language code of text/sound track or separate title eng
043 ## - GEOGRAPHIC AREA CODE
Geographic area code n-us---
060 ## - NATIONAL LIBRARY OF MEDICINE CALL NUMBER
Classification number W 32.5 AA1 L76m 1994
080 ## - UNIVERSAL DECIMAL CLASSIFICATION NUMBER
Universal Decimal Classification number 174..2 MIC
082 00 - DEWEY DECIMAL CLASSIFICATION NUMBER
Classification number 174..2 MIC
Edition number 20
100 1# - Rafti
Rafti 16
101 ## - Shkurtesa
Shkurtesa JUR
245 10 - TITLE STATEMENT
Title Medical law & ethics /
Statement of responsibility, etc Michel Lipman.
740 0# - ADDED ENTRY--UNCONTROLLED RELATED/ANALYTICAL TITLE
Uncontrolled related/analytical title Medical law and ethics.
906 ## - LOCAL DATA ELEMENT F, LDF (RLIN)
a 7
b cbc
c orignew
d 1
e ocip
f 19
g y-gencatlg
942 ## - ADDED ENTRY ELEMENTS (KOHA)
Source of classification or shelving scheme
Item type Books
Holdings
Withdrawn status Lost status Source of classification or shelving scheme Damaged status Not for loan Collection code Permanent location Current location Shelving location Date acquired Total Checkouts Full call number Barcode Date last seen Price effective from Koha item type
          Koleksioni i përgjithshem UBT - Lipjan UBT - Lipjan Koleksioni i përgjithshem 01/09/2018   174..2 MIC 002-2995117 01/09/2018 01/09/2018 Books
UBT Library © 2015-2024. All rights reserved University Education for Business and Technology